Dancing Animals Quiz Stats

 Plays Quiz Updated Aug 16, 2016

Also try: Happy Animals!
Challenge
Share
Tweet
Score 0/20 Timer 04:00
8 Plays Today
% Correct
Brown Bear
99.6%
Tigers
98.4%
Welsh Terrier
98.4%
African Lions
98.1%
Snowy Owl
98%
Sheep
98%
Red-eyed Tree Frog
94.1%
Red Fox
93.9%
Bottlenose Dolphins
93.8%
Chicken
93.5%
% Correct
Deer
93.5%
Eurasian Red Squirrel
92.9%
Rattlesnakes
92.3%
Leopard
90.7%
Chimpanzee
88.4%
Pelican
87.8%
River Otter
86.5%
Sifaka Lemur
69.3%
Blue-footed Booby
46.5%
White Baboon
26.2%

You're not logged in!

Compare scores with friends on all Sporcle quizzes.
OR
Log In

You Might Also Like...

Show Comments

Extras

Top Quizzes Today


Score Distribution

Your Account Isn't Verified!

In order to create a playlist on Sporcle, you need to verify the email address you used during registration. Go to your Sporcle Settings to finish the process.

Report this User

Report this user for behavior that violates our Community Guidelines.

Details: